[Event "OP-2022-0-05364"]
[Site "LSS email"]
[Date "2022.12.25"]
[Round "?"]
[White "Hejny, Bohuslav"]
[Black "Cerne, Peter"]
[Result "0-1"]
[WhiteElo "1609"]
[BlackElo "1767"]
[PlyCount "76"]
[EventDate "2022.12.15"]
[EventType "tourn (corr)"]
[EventRounds "4"]
[EventCountry "GER"]
[SourceTitle "Corr 2024"]
[Source "ChessBase"]
[SourceDate "2023.10.19"]
[SourceVersion "1"]
[SourceVersionDate "2023.10.19"]
[SourceQuality "1"]

1. c4 c6 2. Nc3 d5 3. cxd5 cxd5 4. d4 Nf6 5. Nf3 a6 6. Qb3 Nc6 7. Bg5 Bf5 8. Bxf6 exf6 9. e3 Be6 10. Bd3 Na5 11. Qc2 Rc8 12. 0-0 g6 13. Rfc1 Bd6 14. Qa4+ Kf8 15. Qd1 Nc4 16. Qe2 Nb6 17. Rc2 h5 18. Rd1 Kg7 19. Rdc1 h4 20. h3 Qd7 21. Qf1 Rce8 22. a3 Bb8 23. b3 Qd6 24. a4 g5 25. Ne2 Nd7 26. Qd1 Nf8 27. Rc5 Ng6 28. Qc2 Qd7 29. Nd2 Bxh3 30. Qd1 Bg4 31. R5c3 h3 32. g3 h2+ 33. Kh1 f5 34. f3 Bh3 35. Bb1 f4 36. Bxg6 fxe3 37. Bd3 Bg2+ 38. Kxg2 h1Q+ 0-1

[Event "LSS No Engine Cup 230 Preliminary 0"]
[Site "LSS email"]
[Date "2022.10.08"]
[Round "?"]
[White "Hejny, Bohuslav"]
[Black "Van Esbroeck, Jeff"]
[Result "1-0"]
[WhiteElo "1279"]
[BlackElo "969"]
[PlyCount "45"]
[EventDate "2022.10.08"]
[EventType "tourn (corr)"]
[EventRounds "6"]
[EventCountry "GER"]
[SourceTitle "Corr 2024"]
[Source "ChessBase"]
[SourceDate "2023.10.19"]
[SourceVersion "1"]
[SourceVersionDate "2023.10.19"]
[SourceQuality "1"]

1. e4 e5 2. Nf3 Nc6 3. Bb5 d6 4. d4 Bd7 5. Nc3 Nf6 6. Bxc6 bxc6 7. Qe2 Be7 8. dxe5 dxe5 9. Nxe5 0-0 10. 0-0 Bd6 11. Nxd7 Nxd7 12. f4 Nf6 13. e5 Bxe5 14. fxe5 Nd5 15. Qf3 Rb8 16. b3 Nxc3 17. Qxc3 Qd5 18. Bb2 c5 19. Rad1 Qe6 20. Qxc5 Qb6 21. Qxb6 cxb6 22. Rd7 a5 23. Ba3 1-0

[Event "LSS No Engine Cup 206 Preliminary 0"]
[Site "LSS email"]
[Date "2020.08.24"]
[Round "?"]
[White "Shim Ng Min, Francis"]
[Black "Hejny, Bohuslav"]
[Result "1-0"]
[WhiteElo "1533"]
[BlackElo "1600"]
[PlyCount "77"]
[EventDate "2020.08.24"]
[EventType "tourn (corr)"]
[EventRounds "6"]
[EventCountry "GER"]
[SourceTitle "Corr 2022"]
[Source "ChessBase"]
[SourceDate "2021.10.24"]
[SourceVersion "1"]
[SourceVersionDate "2021.10.24"]
[SourceQuality "1"]

1. e4 d6 2. d4 Nf6 3. Nc3 g6 4. f4 Bg7 5. Nf3 0-0 6. e5 Nfd7 7. Be2 Nb6 8. 0-0 c5 9. dxc5 dxc5 10. Be3 N8d7 11. Qe1 e6 12. Rd1 Qe7 13. Qf2 Rd8 14. Ne4 Nd5 15. Bxc5 Nxc5 16. Qxc5 Qxc5+ 17. Nxc5 b6 18. Nb3 Bb7 19. g3 Ne3 20. Rxd8+ Rxd8 21. Rc1 Be4 22. c3 Bc2 23. Nbd4 Be4 24. Nd2 Bd5 25. b3 Bb7 26. Bf3 Bxf3 27. N2xf3 Rd7 28. Kf2 Nd5 29. Ke2 Bf8 30. c4 Ne7 31. Rd1 a5 32. Nc6 Rxd1 33. Nxe7+ Bxe7 34. Kxd1 Bc5 35. Ke2 Kf8 36. Ng5 h6 37. Ne4 Bg1 38. h3 Ke7 39. Kd3 1-0

[Event "OP-2015-0-03899"]
[Site "LSS email"]
[Date "2015.12.16"]
[Round "?"]
[White "Hejny, Bohuslav"]
[Black "Verich, Oleg"]
[Result "0-1"]
[WhiteElo "1694"]
[BlackElo "1213"]
[PlyCount "20"]
[EventDate "2015.12.12"]
[EventType "tourn (corr)"]
[EventRounds "4"]
[EventCountry "GER"]
[SourceTitle "Corr 2022"]
[Source "ChessBase"]
[SourceDate "2021.10.24"]
[SourceVersion "1"]
[SourceVersionDate "2021.10.24"]
[SourceQuality "1"]

1. c4 Nf6 2. Nf3 d5 3. e3 Bg4 4. Nc3 c6 5. cxd5 Nxd5 6. d4 e6 7. Qb3 Qb6 8. Qxb6 axb6 9. Be2 Nb4 10. 0-0 Be7 0-1

[Event "OP-2015-0-03856"]
[Site "LSS email"]
[Date "2015.11.01"]
[Round "?"]
[White "Hejny, Bohuslav"]
[Black "Narkun, Michal"]
[Result "0-1"]
[WhiteElo "1734"]
[BlackElo "2414"]
[PlyCount "98"]
[EventDate "2015.10.26"]
[EventType "tourn (corr)"]
[EventRounds "4"]
[EventCountry "GER"]
[SourceTitle "Corr 2022"]
[Source "ChessBase"]
[SourceDate "2021.10.24"]
[SourceVersion "1"]
[SourceVersionDate "2021.10.24"]
[SourceQuality "1"]

1. Nf3 e6 2. g3 f5 3. Bg2 Nf6 4. d4 g6 5. 0-0 Bg7 6. c4 0-0 7. Nc3 d6 8. Qd3 Nc6 9. Rd1 Qe8 10. d5 Nb4 11. Qd2 exd5 12. cxd5 a5 13. a3 Na6 14. Qc2 Bd7 15. Be3 b5 16. Bd4 b4 17. axb4 axb4 18. Nb1 Nc5 19. Rxa8 Qxa8 20. Bxc5 dxc5 21. Qxc5 Qa4 22. Rc1 Ne4 23. Qc2 b3 24. Qc4 Bxb2 25. Qxa4 Bxa4 26. Rxc7 Bf6 27. Nfd2 Nxd2 28. Nxd2 b2 29. Ra7 Rc8 30. Bf1 Bb3 31. d6 Rc2 32. Nb1 Rc1 33. Rb7 Bc4 34. Nd2 Bxe2 35. f4 Bxf1 36. Nxf1 b1Q 37. Rxb1 Rxb1 38. Kf2 Kf7 39. Nd2 Rb2 40. Ke3 Rxd2 41. Kxd2 Ke6 42. d7 Kxd7 43. Kd3 Kd6 44. Kc4 h5 45. Kd3 Kd5 46. Ke3 Bc3 47. h3 Be1 48. Kf3 Kd4 49. g4 Kd3 0-1

[Event "OP-2015-0-03842"]
[Site "LSS email"]
[Date "2015.10.16"]
[Round "?"]
[White "Lenz, Juergen"]
[Black "Hejny, Bohuslav"]
[Result "0-1"]
[WhiteElo "1176"]
[BlackElo "1734"]
[PlyCount "64"]
[EventDate "2015.10.09"]
[EventType "tourn (corr)"]
[EventRounds "4"]
[EventCountry "GER"]
[SourceTitle "Corr 2022"]
[Source "ChessBase"]
[SourceDate "2021.10.24"]
[SourceVersion "1"]
[SourceVersionDate "2021.10.24"]
[SourceQuality "1"]

1. d4 Nf6 2. Bf4 e6 3. e3 c5 4. c3 Nc6 5. Nd2 d5 6. Bd3 Qb6 7. Qb3 Qxb3 8. axb3 Bd7 9. dxc5 Bxc5 10. b4 Bb6 11. Nb3 e5 12. Bg5 Ng8 13. b5 Nd8 14. Na5 f6 15. Bh4 Ne7 16. Ne2 h5 17. h3 e4 18. Bc2 Bxb5 19. Nd4 Bxd4 20. exd4 b6 21. Nb3 Nf5 22. Bg3 Nxg3 23. fxg3 Kd7 24. Kd2 Nb7 25. Ke3 Nd6 26. Nd2 Nf5+ 27. Kf4 g5+ 28. Kxf5 Ke7 29. Ba4 Bd3 30. Bb5 Bxb5 31. Nxe4 Bd7+ 32. Kg6 Rag8# 0-1

[Event "ZI-2015-0-02037"]
[Site "LSS email"]
[Date "2015.09.07"]
[Round "?"]
[White "Almeraya, Eduardo"]
[Black "Hejny, Bohuslav"]
[Result "1-0"]
[WhiteElo "2020"]
[BlackElo "1734"]
[PlyCount "99"]
[EventDate "2015.08.28"]
[EventType "match (corr)"]
[EventRounds "2"]
[EventCountry "GER"]
[SourceTitle "Corr 2022"]
[Source "ChessBase"]
[SourceDate "2021.10.24"]
[SourceVersion "1"]
[SourceVersionDate "2021.10.24"]
[SourceQuality "1"]

1. Nf3 d5 2. g3 c5 3. Bg2 Nc6 4. 0-0 e5 5. d3 Bd6 6. Nc3 d4 7. Ne4 Be7 8. Re1 Nf6 9. Nxf6+ Bxf6 10. Nd2 Bg4 11. Bxc6+ bxc6 12. Nc4 Qe7 13. Qd2 Rb8 14. b3 Be6 15. a3 Bxc4 16. bxc4 0-0 17. a4 e4 18. Qa5 e3 19. f4 Qd6 20. Ba3 Be7 21. Rab1 Rxb1 22. Rxb1 Rb8 23. Rxb8+ Qxb8 24. Kg2 Qb6 25. Qxb6 axb6 26. g4 g6 27. Bb2 Bf6 28. g5 Bg7 29. Ba3 Bf8 30. Kf3 h6 31. h4 hxg5 32. hxg5 Kh8 33. Ke4 Kh7 34. Ke5 Kg7 35. Bb2 Kh8 36. f5 gxf5 37. Kxf5 Bg7 38. Ba3 Bf8 39. Kf6 Kg8 40. Bb2 Bd6 41. c3 dxc3 42. Bxc3 Kf8 43. Be5 Be7+ 44. Kf5 Bd8 45. Bf4 Ke7 46. Bxe3 Kd6 47. Bf4+ Kd7 48. g6 fxg6+ 49. Kxg6 Ke6 50. e4 1-0

[Event "OP-2015-0-03786"]
[Site "LSS email"]
[Date "2015.08.10"]
[Round "?"]
[White "Hejny, Bohuslav"]
[Black "Cabrera Trujillo, Claudio Tomas"]
[Result "1-0"]
[WhiteElo "1734"]
[BlackElo "1095"]
[PlyCount "27"]
[EventDate "2015.08.05"]
[EventType "tourn (corr)"]
[EventRounds "4"]
[EventCountry "GER"]
[SourceTitle "Corr 2022"]
[Source "ChessBase"]
[SourceDate "2021.10.24"]
[SourceVersion "1"]
[SourceVersionDate "2021.10.24"]
[SourceQuality "1"]

1. d4 Nf6 2. c4 g6 3. Nc3 d5 4. cxd5 Nxd5 5. e4 Nxc3 6. bxc3 Bg7 7. Ba3 Nd7 8. Nf3 c5 9. Qb3 cxd4 10. cxd4 0-0 11. Rc1 Nb6 12. Be2 Bd7 13. 0-0 Ba4 14. Qe3 1-0

[Event "OP-2015-0-03786"]
[Site "LSS email"]
[Date "2015.08.10"]
[Round "?"]
[White "Hejny, Bohuslav"]
[Black "Castignani, Fausto"]
[Result "0-1"]
[WhiteElo "1734"]
[BlackElo "1932"]
[PlyCount "89"]
[EventDate "2015.08.05"]
[EventType "tourn (corr)"]
[EventRounds "4"]
[EventCountry "GER"]
[SourceTitle "Corr 2022"]
[Source "ChessBase"]
[SourceDate "2021.10.24"]
[SourceVersion "1"]
[SourceVersionDate "2021.10.24"]
[SourceQuality "1"]

1. e4 c5 2. Nc3 Nc6 3. g3 g6 4. Bg2 Bg7 5. d3 d6 6. Be3 Nf6 7. Nge2 0-0 8. 0-0 Qd7 9. h3 b6 10. f4 Bb7 11. Qd2 e6 12. d4 Nxd4 13. Nxd4 cxd4 14. Bxd4 b5 15. Rad1 b4 16. Nb1 Qb5 17. c3 e5 18. fxe5 dxe5 19. a4 bxa3 20. Nxa3 Qb3 21. Bxe5 Nxe4 22. Bxe4 Bxe5 23. Bxb7 Qxb7 24. Qf2 Rac8 25. Rd3 Rfd8 26. Rxd8+ Rxd8 27. Nc4 Bb8 28. Ne3 Rd3 29. Qe2 Qe4 30. Re1 Bxg3 31. Ng4 Qxe2 32. Rxe2 h5 33. Nf6+ Kg7 34. Ne4 Bf4 35. Nf2 Re3 36. Kf1 Rf3 37. Kg2 Rg3+ 38. Kf1 Be3 39. h4 a5 40. Rc2 a4 41. Nd3 g5 42. hxg5 Rg1+ 43. Ke2 Rg2+ 44. Kd1 Rxc2 45. Kxc2 0-1